Administrative tribunals in action: a study of administrative tribunals and authorities at the district level in Bihar (Record no. 10399)

MARC details
000 -LEADER
fixed length control field 00563nam a2200169Ia 4500
082 ## - DEWEY DECIMAL CLASSIFICATION NUMBER
Classification number 342.06640954 VIS-;
100 ## - MAIN ENTRY--AUTHOR NAME
Personal name Vishnu Prasad
245 #0 - TITLE STATEMENT
Title Administrative tribunals in action: a study of administrative tribunals and authorities at the district level in Bihar
260 ## - PUBLICATION, DISTRIBUTION, ETC. (IMPRINT)
Place of publication New Delhi
Name of publisher Oxford & IBH Publishing
Year of publication 1974
300 ## - PHYSICAL DESCRIPTION
Number of Pages 240p.
504 ## - BIBLIOGRAPHY, ETC. NOTE
Bibliography, etc Includes index, bibliography
650 ## - SUBJECT ADDED ENTRY--TOPICAL TERM
Topical Term Administrative courts - Bihar
650 ## - SUBJECT ADDED ENTRY--TOPICAL TERM
Topical Term Tribunals, Administrative
650 ## - SUBJECT ADDED ENTRY--TOPICAL TERM
Topical Term Authority - Bihar
650 ## - SUBJECT ADDED ENTRY--TOPICAL TERM
Topical Term Administrative law - Bihar
942 ## - ADDED ENTRY ELEMENTS (KOHA)
Koha item type Books
Holdings
Withdrawn status Lost status Damaged status Not for loan Home library Current library Date acquired Full call number Accession Number Price effective from Koha item type Bill Date
        NASSDOC Library NASSDOC Library 08/06/2004 342.06640954 VIS-; 6797 18/04/2019 Books  
        NASSDOC Library NASSDOC Library 08/06/2004 342.06640954 VIS-; 15231 18/04/2019 Books 2004-10-22